Itineraris : Les Franqueses del Vallès : municipi Les Franqueses del Vallès :
Descripción Física:
[6] p. : il. col., fot. ; 21 cm
MARC
| LEADER | 00000nam a2200000Ia 4500 | ||
|---|---|---|---|
| 001 | 18411 | ||
| 008 | 160829s9999 xx 000 0 cat d | ||
| 080 | |a FU-1-64 | ||
| 245 | |a Itineraris : |b Les Franqueses del Vallès : |b municipi | ||
| 260 | |a [Barcelona] : |b Diputació de Barcelona, Servei d'Esports i Turisme, [19-- ?] | ||
| 300 | |a [6] p. : |b il. col., fot. ; |c 21 cm | ||
| 590 | |a A la portada: Ajuntament de Les Franqueses del Vallès ; Turisme Total. | ||
| 590 | |a Inclou mapa de la zona | ||
| 650 | |a Franqueses del Vallès |x Guies |9 38896 | ||
| 650 | |a Franqueses del Vallès |x Circuits turístics |9 38897 | ||
| 710 | 1 | |a Franqueses del Vallès (Catalunya). |b Ajuntament |9 51398 | |
| 710 | 2 | |a Barcelona (Catalunya : Província). |b Servei d'Esports i Turisme |9 54307 | |
| 901 | |a Arxiu | ||
| 942 | |n 1 | ||
| 952 | |0 0 |1 0 |4 0 |6 FU164 |7 1 |9 48666 |a Arxiu |b Arxiu |d 2016-12-01 |l 0 |o FU-1-64 |p 18411 |r 2016-12-01 00:00:00 |w 2016-12-01 |y ARXIU | ||
| 999 | |c 52496 |d 52496 | ||